Teória a didaktika športu vysokoškolské učebné texty 1. Štruktúra športového výkonu, výber talentov na šport

Bibliographic Details
Main Author: Moravec, Roman, 1950-2009 (Author)
Format: Book
Language:Slovak
PhysicalDescription:45 s. lit., grafy 21 cm
Published: Bratislava Univerzita Komenského Slovenská vedecká spoločnosť pre telesnú výchovu a šport 2000
ISBN:8096825240
Edition:1. vyd.
Subjects:

MARC

LEADER 00000cam a2200000 a 4500
001 vtls001410869
003 SK-MaSNL
005 20260301202208.0
008 240314s2000 xo a r 000 0 slo
015 |a SNBA2001/07-02460 
020 |a 8096825240  |q (brož.) 
035 |a SNK000365567 
035 |a urn:nbn:sk:snk-amk6dc 
035 |a urn:nbn:sk:snk-am004p5t 
035 |a F572B91D-953D-4A37-94CA-696B2EA7692E 
040 |a SNK  |b slo  |c SNK  |e AACR2 
041 |a slo 
044 |a xo  |c SK 
072 7 |a 796  |x Šport. Hry. Telesné cvičenia  |2 konspekt 
072 7 |a 37.016  |x Učebné osnovy. Vyučovacie predmety. Učebnice  |2 konspekt 
100 1 |a Moravec, Roman,  |d 1950-2009  |4 aut  |9 109705 
245 1 0 |a Teória a didaktika športu  |b vysokoškolské učebné texty  |n 1.  |p Štruktúra športového výkonu, výber talentov na šport  |c Roman Moravec 
246 3 0 |a Štruktúra športového výkonu, výber talentov na šport 
250 |a 1. vyd. 
260 |a Bratislava  |b Univerzita Komenského  |b Slovenská vedecká spoločnosť pre telesnú výchovu a šport  |c 2000 
300 |a 45 s.  |b lit., grafy  |c 21 cm 
366 |e 300 výt. 
504 |a Literatúra na s. 42-45 
650 0 7 |a teória športu  |2 SNKPH  |9 124389 
650 0 7 |a didaktika  |2 SNKPH  |9 3484 
650 0 7 |a Sport  |2 SNKPHeng  |9 1042 
650 0 7 |a Didactics  |2 SNKPHeng  |9 266044 
655 7 |a učebnice vysokých škôl  |2 SNKPH  |9 70191 
655 7 |a Textbooks (higher)  |2 SNKPHeng  |9 276436 
710 2 |a Univerzita Komenského v Bratislave.  |b Fakulta telesnej výchovy a športu  |4 pbl 
852 |a Štátna vedecká knižnica v Banskej Bystrici 
919 |a 80-968252-4-0 
999 |c 897939  |d 899869 
952 |t P60, <03>, [BOOK], {603}  |a SNK  |b SNK  |y PREZ  |7 0  |p 17A0295465  |o snkSC 104593/1  |i snkKSP 5021/2001  |0 0  |1 0  |4 0  |d 2001-04-10  |f 1  |l 0  |r 2025-09-25 00:00:00  |w 2026-02-24 
952 |t P60, <04>, [BOOK], {604}  |a SNK  |b SNK  |y VYP  |7 0  |p 17A0295466  |o snkSC 104593/1 D1  |i snkKSP 5022/2001  |0 0  |1 0  |4 0  |d 2001-04-10  |l 0  |r 2005-01-02 00:00:00  |w 2026-02-24